00565nam a2200205Ia 450000500170000000800410001702000240005804000190008204100120010108200170011310000220013024500570015226000360020930000170024550400240026265000230028665100150030970000250032485000100034920230628094947.0131103s9999 xx 000 0 und d a697060217cGBP 3.10 aLoreto College aEnglish a301.431bDIM aDimick,Kenneth M. aChild counselingcKenneth M.Dimick and Vaughn E.Huff aLowabW.M.G.Brown Companyc1970 axvii,254 p.  aThird Printing 1974 aApplied Psychology aCounseling aHuff,Vaughn E.,auth. aLCLIB